|
|
|
|
| LEADER |
00000cam a2200000 7i4500 |
| 001 |
0000089855 |
| 005 |
20230125122525.0 |
| 008 |
220821 |
| 020 |
|
|
|a 9789835405594
|
| 041 |
|
|
|a Malay
|
| 090 |
0 |
0 |
|a 351.595
|b PAT
|
| 100 |
1 |
|
|a Pathma Selvaraju ,
|d 1983-
|
| 245 |
0 |
0 |
|a Najib Tun Razak :
|b exploring changes for greater achivements
|c Pathma Selvaraju
|
| 260 |
|
|
|a kuala Lumpur :
|b Jabatan Penerangan Malaysia ,
|c 2010
|
| 300 |
|
|
|a 293 p. :
|b col. ill. ;
|c 26 cm.
|
| 650 |
|
0 |
|a Speeches, addresses, etc
|
| 650 |
|
0 |
|z Malaysia
|x Politics and government
|
| 999 |
|
|
|a 0001685900
|b Book
|c Adult Collection
|e Perbadanan Perpustakaan Awam Johor
|